[Event "San Francisco TNM Fall op"]
[Site "San Francisco"]
[Date "2013.12.10"]
[Round "8"]
[White "Vichik, Adam"]
[Black "Alzhin, Leonid"]
[Result "1/2-1/2"]
[WhiteElo "1262"]
[BlackElo "1808"]
[PlyCount "91"]
[EventDate "2013.10.22"]
[EventType "swiss"]
[EventRounds "9"]
[EventCountry "USA"]
[SourceTitle "EXT 2016"]
[Source "ChessBase"]
[SourceDate "2015.10.08"]
[SourceVersion "1"]
[SourceVersionDate "2015.10.08"]
[SourceQuality "1"]

1. e4 c5 2. Nf3 Nc6 3. d4 cxd4 4. Nxd4 e6 5. Be3 Nf6 6. f3 Qb6 7. Na3 a6 8. Nc4 Qc7 9. a4 Be7 10. Be2 d5 11. exd5 exd5 12. Nxc6 bxc6 13. Nb6 Rb8 14. a5 0-0 15. 0-0 Bd6 16. g3 Bh3 17. Rf2 Rfe8 18. Qd2 Bc8 19. f4 Ne4 20. Qd3 Nxf2 21. Bxf2 Bb7 22. Bg4 Re7 23. c3 Rbe8 24. Rc1 Qd8 25. b4 Bc7 26. Bc5 Bxb6 27. axb6 Re1+ 28. Rxe1 Rxe1+ 29. Kf2 Re8 30. Bf5 g6 31. Bg4 f5 32. Bxf5 gxf5 33. Qxf5 Bc8 34. Qh5 Qd7 35. Bd4 Qe6 36. Be5 Qf7 37. Qg5+ Qg6 38. Qh4 Qf5 39. Kg1 Qf7 40. Qg5+ Qg6 41. Qh4 Bg4 42. b7 Qb1+ 43. Kf2 Qc2+ 44. Kf1 Qd1+ 45. Kf2 Qe2+ 46. Kg1 1/2-1/2

[Event "San Francisco TNM Fall op"]
[Site "San Francisco"]
[Date "2013.11.12"]
[Round "4"]
[White "Cowgill, Jackie P"]
[Black "Alzhin, Leonid"]
[Result "0-1"]
[WhiteElo "983"]
[BlackElo "1808"]
[PlyCount "56"]
[EventDate "2013.10.22"]
[EventType "swiss"]
[EventRounds "9"]
[EventCountry "USA"]
[SourceTitle "EXT 2016"]
[Source "ChessBase"]
[SourceDate "2015.10.08"]
[SourceVersion "1"]
[SourceVersionDate "2015.10.08"]
[SourceQuality "1"]

1. e4 c5 2. Nf3 Nc6 3. d4 cxd4 4. Nxd4 Nf6 5. Nxc6 bxc6 6. Bd3 e5 7. 0-0 Bc5 8. Bg5 0-0 9. Nd2 d5 10. Bxf6 Qxf6 11. exd5 cxd5 12. c4 e4 13. Bxe4 dxe4 14. Nxe4 Qb6 15. Qd5 Bb7 16. Qxc5 Bxe4 17. Qxb6 axb6 18. f3 Bd3 19. Rfc1 Rfe8 20. h3 Re2 21. b3 Rae8 22. c5 bxc5 23. Rxc5 h6 24. a4 Rb2 25. Rc3 Bc2 26. b4 Re2 27. b5 Bb1 28. Raa3 Rxg2+ 0-1

[Event "San Francisco TNM Fall op"]
[Site "San Francisco"]
[Date "2013.11.05"]
[Round "3"]
[White "Alzhin, Leonid"]
[Black "Grey, Peter G"]
[Result "0-1"]
[WhiteElo "1808"]
[BlackElo "2000"]
[PlyCount "54"]
[EventDate "2013.10.22"]
[EventType "swiss"]
[EventRounds "9"]
[EventCountry "USA"]
[SourceTitle "EXT 2016"]
[Source "ChessBase"]
[SourceDate "2015.10.08"]
[SourceVersion "1"]
[SourceVersionDate "2015.10.08"]
[SourceQuality "1"]

1. d4 Nf6 2. c4 g6 3. Nc3 d5 4. cxd5 Nxd5 5. e4 Nxc3 6. bxc3 Bg7 7. Bc4 c5 8. Ne2 0-0 9. 0-0 Nc6 10. Be3 Bg4 11. f3 Na5 12. Bxf7+ Rxf7 13. fxg4 Rxf1+ 14. Kxf1 cxd4 15. cxd4 e5 16. Qa4 a6 17. Rc1 b5 18. Qd1 Nc4 19. Bf2 Rc8 20. Kg1 Bh6 21. Rc2 Rc7 22. Qd3 exd4 23. Qxd4 Rd7 24. Qc3 Rd1+ 25. Be1 Qb6+ 26. Kh1 Qf2 27. h3 Rxe1+ 0-1

[Event "San Francisco Neil Falconer op"]
[Site "San Francisco"]
[Date "2013.09.10"]
[Round "6"]
[White "Alzhin, Leonid"]
[Black "Tsodikova, Natalia"]
[Result "0-1"]
[WhiteElo "1873"]
[BlackElo "2234"]
[PlyCount "78"]
[EventDate "2013.08.06"]
[EventType "swiss"]
[EventRounds "9"]
[EventCountry "USA"]
[SourceTitle "EXT 2016"]
[Source "ChessBase"]
[SourceDate "2015.10.08"]
[SourceVersion "1"]
[SourceVersionDate "2015.10.08"]
[SourceQuality "1"]

1. d4 Nf6 2. c4 g6 3. Nc3 Bg7 4. e4 d6 5. Nf3 0-0 6. Be2 Bg4 7. h3 Bxf3 8. Bxf3 Nfd7 9. Be3 c5 10. Rc1 Nc6 11. d5 Nd4 12. 0-0 a6 13. g4 b5 14. Be2 Qa5 15. f4 b4 16. Nb1 Qxa2 17. e5 dxe5 18. Bxd4 exd4 19. Qd3 Qa5 20. Nd2 Qc7 21. Ne4 a5 22. b3 a4 23. Bd1 a3 24. Ra1 Nf6 25. Ng3 e6 26. g5 Ne8 27. dxe6 fxe6 28. Bg4 Ra6 29. Ne2 Qe7 30. Ra2 Nd6 31. Ng3 Nf5 32. Bxf5 exf5 33. Re2 Re6 34. Rfe1 Rxe2 35. Rxe2 Qd6 36. Qd2 d3 37. Rg2 Bc3 38. Qd1 d2 39. Ne2 a2 0-1

[Event "San Francisco Neil Falconer op"]
[Site "San Francisco"]
[Date "2013.09.03"]
[Round "5"]
[White "Yamamoto, Craig"]
[Black "Alzhin, Leonid"]
[Result "0-1"]
[WhiteElo "1500"]
[BlackElo "1873"]
[PlyCount "50"]
[EventDate "2013.08.06"]
[EventType "swiss"]
[EventRounds "9"]
[EventCountry "USA"]
[SourceTitle "EXT 2016"]
[Source "ChessBase"]
[SourceDate "2015.10.08"]
[SourceVersion "1"]
[SourceVersionDate "2015.10.08"]
[SourceQuality "1"]

1. d4 Nf6 2. e3 d5 3. Bd3 c5 4. Bb5+ Bd7 5. Qe2 e6 6. c3 Bd6 7. Nd2 0-0 8. f3 e5 9. dxe5 Bxe5 10. Nb3 Qb6 11. Bxd7 Nbxd7 12. Bd2 c4 13. f4 Bd6 14. Nd4 Qxb2 15. Qd1 Nc5 16. Ngf3 Nd3+ 17. Kf1 Ne4 18. Qb1 Nxd2+ 19. Nxd2 Qxd2 20. Ne2 Qxe3 21. Qxd3 cxd3 22. Nd4 Rfe8 23. g3 d2 24. Kg2 Qxc3 25. Nf3 Re2+ 0-1

[Event "San Francisco Neil Falconer op"]
[Site "San Francisco"]
[Date "2013.08.13"]
[Round "2"]
[White "Alzhin, Leonid"]
[Black "Chandrasekaran, Siddarth"]
[Result "1/2-1/2"]
[WhiteElo "1873"]
[BlackElo "1466"]
[PlyCount "72"]
[EventDate "2013.08.06"]
[EventType "swiss"]
[EventRounds "9"]
[EventCountry "USA"]
[SourceTitle "EXT 2016"]
[Source "ChessBase"]
[SourceDate "2015.10.08"]
[SourceVersion "1"]
[SourceVersionDate "2015.10.08"]
[SourceQuality "1"]

1. d4 Nf6 2. c4 c5 3. e3 d6 4. Nf3 Nbd7 5. Nc3 g6 6. Be2 Bg7 7. d5 a6 8. 0-0 b5 9. cxb5 axb5 10. Bxb5 Ba6 11. Bxa6 Rxa6 12. Qe2 Qa8 13. a3 0-0 14. e4 Rb8 15. Nd2 Nb6 16. f4 Na4 17. Nxa4 Rxa4 18. Rb1 Qa7 19. Kh1 Bh6 20. b3 Ra6 21. Qf3 Rf8 22. e5 dxe5 23. fxe5 Nd7 24. Nc4 Bxc1 25. Rfxc1 f5 26. e6 Nf6 27. a4 Ne4 28. g4 Qb7 29. Rd1 Rxe6 30. dxe6 fxg4 31. Qxf8+ Kxf8 32. Kg1 Kg7 33. Rd7 Qc6 34. Rxe7+ Kh6 35. Rd1 g3 36. Ne5 Qb6 1/2-1/2

[Event "San Francisco TNM Winter op"]
[Site "San Francisco"]
[Date "2013.01.22"]
[Round "3"]
[White "Alzhin, Leonid"]
[Black "Graeber, Marie"]
[Result "1-0"]
[WhiteElo "1828"]
[BlackElo "1571"]
[PlyCount "65"]
[EventDate "2013.01.08"]
[EventType "swiss"]
[EventRounds "8"]
[EventCountry "USA"]
[SourceTitle "EXT 2016"]
[Source "ChessBase"]
[SourceDate "2015.10.08"]
[SourceVersion "1"]
[SourceVersionDate "2015.10.08"]
[SourceQuality "1"]

1. d4 Nf6 2. c4 e6 3. Nf3 c6 4. Qc2 d5 5. e3 Nbd7 6. Bd3 Bd6 7. 0-0 0-0 8. Nc3 Re8 9. e4 dxc4 10. Bxc4 Be7 11. Bg5 h6 12. Bh4 Nb6 13. Bb3 Nfd7 14. Bxe7 Qxe7 15. e5 Nf8 16. Ne4 Nd5 17. Nd6 Rd8 18. Nd2 f6 19. N2c4 fxe5 20. dxe5 Nd7 21. Rae1 Nc5 22. f4 Nxb3 23. Qxb3 Rf8 24. Qg3 b5 25. Ne3 Nxe3 26. Rxe3 g5 27. Ref3 Qg7 28. fxg5 Rxf3 29. Qxf3 hxg5 30. Ne8 Qe7 31. Qh5 Qc5+ 32. Kh1 Qxe5 33. Qg6+ 1-0

[Event "San Francisco TNM Winter op"]
[Site "San Francisco"]
[Date "2013.01.08"]
[Round "1"]
[White "Alzhin, Leonid"]
[Black "Toziopoulos, Stephen S"]
[Result "1-0"]
[WhiteElo "1828"]
[BlackElo "919"]
[PlyCount "47"]
[EventDate "2013.01.08"]
[EventType "swiss"]
[EventRounds "8"]
[EventCountry "USA"]
[SourceTitle "EXT 2016"]
[Source "ChessBase"]
[SourceDate "2015.10.08"]
[SourceVersion "1"]
[SourceVersionDate "2015.10.08"]
[SourceQuality "1"]

1. d4 Nf6 2. c4 e6 3. Nc3 Bb4 4. a3 Bxc3+ 5. bxc3 c5 6. Bg5 0-0 7. Qc2 Nc6 8. Nf3 d6 9. e4 cxd4 10. cxd4 Qa5+ 11. Bd2 Qc7 12. Bd3 b6 13. 0-0 Bb7 14. d5 Ne7 15. Bg5 Nd7 16. Bxe7 Rfc8 17. e5 Nxe5 18. Nxe5 Qxe7 19. Nc6 Bxc6 20. dxc6 g6 21. Be4 f5 22. Bf3 Rab8 23. Qd2 e5 24. Bd5+ 1-0

[Event "San Francisco TNM Spring op"]
[Site "San Francisco"]
[Date "2011.03.29"]
[Round "3"]
[White "Alzhin, Leonid"]
[Black "Ochoa, Jason"]
[Result "1-0"]
[WhiteElo "1673"]
[BlackElo "1926"]
[PlyCount "59"]
[EventDate "2011.03.15"]
[EventType "swiss"]
[EventRounds "8"]
[EventCountry "USA"]
[SourceTitle "EXT 2012"]
[Source "ChessBase"]
[SourceDate "2011.11.24"]
[SourceVersion "1"]
[SourceVersionDate "2011.11.24"]
[SourceQuality "1"]

1. d4 Nc6 2. Nf3 d5 3. e3 Bg4 4. c4 e6 5. Nc3 Bb4 6. a3 Bxc3+ 7. bxc3 Nf6 8. Be2 0-0 9. 0-0 Ne4 10. Bb2 f5 11. cxd5 exd5 12. Nd2 Qg5 13. Nxe4 dxe4 14. Bxg4 fxg4 15. Qb3+ Kh8 16. Qxb7 Na5 17. Qxe4 Nc4 18. Bc1 Rae8 19. Qc6 Nd6 20. e4 Qh5 21. e5 Nf5 22. Bf4 Re7 23. Bg3 Qg5 24. Qe4 h5 25. Bf4 Qg6 26. f3 Qf7 27. fxg4 hxg4 28. Bg5 Re6 29. d5 Rg6 30. e6 1-0

[Event "San Francisco TNM Spring op"]
[Site "San Francisco"]
[Date "2011.03.15"]
[Round "1"]
[White "Alzhin, Leonid"]
[Black "Margulis, Igor"]
[Result "0-1"]
[WhiteElo "1673"]
[BlackElo "2100"]
[PlyCount "54"]
[EventDate "2011.03.15"]
[EventType "swiss"]
[EventRounds "8"]
[EventCountry "USA"]
[SourceTitle "EXT 2012"]
[Source "ChessBase"]
[SourceDate "2011.11.24"]
[SourceVersion "1"]
[SourceVersionDate "2011.11.24"]
[SourceQuality "1"]

1. d4 Nf6 2. Nf3 g6 3. Bf4 Bg7 4. Nc3 d6 5. Qd2 0-0 6. 0-0-0 c6 7. e4 b5 8. Bh6 b4 9. Bxg7 bxc3 10. Qxc3 Kxg7 11. Nd2 Be6 12. Kb1 Qb6 13. f3 d5 14. e5 Nfd7 15. Nb3 a5 16. Bd3 Qb4 17. Qd2 Qxd2 18. Nxd2 c5 19. c3 Nc6 20. Bb5 Rfc8 21. dxc5 Nxc5 22. Nf1 Nxe5 23. Ne3 Rab8 24. Be2 Rd8 25. Rd2 Nc4 26. Nxc4 dxc4 27. Rc2 Bf5 0-1

[Event "San Francisco TNM Winter op"]
[Site "San Francisco"]
[Date "2011.02.01"]
[Round "5"]
[White "Alzhin, Leonid"]
[Black "Anderson, Michael"]
[Result "1-0"]
[WhiteElo "1563"]
[BlackElo "1907"]
[PlyCount "107"]
[EventDate "2011.01.04"]
[EventType "swiss"]
[EventRounds "8"]
[EventCountry "USA"]
[SourceTitle "EXT 2012"]
[Source "ChessBase"]
[SourceDate "2011.11.24"]
[SourceVersion "1"]
[SourceVersionDate "2011.11.24"]
[SourceQuality "1"]

1. d4 Nf6 2. c4 e6 3. Nc3 c5 4. d5 exd5 5. cxd5 d6 6. Nf3 g6 7. g3 Bg7 8. Bg2 0-0 9. 0-0 Re8 10. Re1 Na6 11. Bg5 h6 12. Bxf6 Qxf6 13. e4 Bd7 14. Nd2 b5 15. Rb1 Nb4 16. Bf1 Rab8 17. a3 Na6 18. Bg2 Nc7 19. Ne2 Re7 20. Nb3 a6 21. Na5 Rb6 22. f4 Bg4 23. Nc6 Re8 24. e5 dxe5 25. fxe5 Qf5 26. d6 Bxe2 27. Rxe2 Rxc6 28. Bxc6 Rd8 29. Qe1 Ne6 30. b4 Nd4 31. Rf2 Qxe5 32. Qxe5 Bxe5 33. Bd5 Rxd6 34. Bxf7+ Kh8 35. bxc5 Rc6 36. Kh1 Rxc5 37. Bxg6 Ne6 38. Rbf1 Bd4 39. Rd2 Rc3 40. Re1 Nf8 41. Rxd4 Nxg6 42. Re8+ Kg7 43. Rd7+ Kf6 44. Rd6+ Kf7 45. Ree6 Ne7 46. Rxa6 Nd5 47. Rxh6 Ne3 48. Rhf6+ Kg7 49. Rg6+ Kh7 50. h4 Rc1+ 51. Kh2 Rc2+ 52. Kh3 Rc1 53. g4 Rc3 54. Kh2 1-0